| 000 | 01696nam0a2200325 i 4500 | ||
|---|---|---|---|
| 001 | RU\NLR\BIBL_A\011278851 | ||
| 005 | 20241103112843.0 | ||
| 010 |
_a9785917304496 _920 |
||
| 021 |
_aRU _b2016-85795 _95617 |
||
| 035 | _a(NLR Aleph) 011278851 | ||
| 090 |
_a10862950 _c10862950 |
||
| 100 | _a20161128d2015 k y0rusy50 ca | ||
| 101 | 0 | _arus | |
| 102 | _aRU | ||
| 105 | _aa|||z|||100yy | ||
| 200 | 1 |
_aПуть в науку _iЭкономика _e[материалы международной молодежной научно-практической конференции, 23-30 апреля 2015 г. _fредкол.: Кострова А.А., к.э.н., доц.] |
|
| 210 |
_aЯрославль _cКанцлер _d2015 |
||
| 215 |
_a329 с. _cил. _d21 |
||
| 300 | _aВ надзаг.: Минобрнауки РФ, Федер. гос. бюджет. образоват. учреждение высш. проф. образования "Ярослав. гос. ун-т им. П.Г. Демидова", Экон. фак. | ||
| 320 | _aБиблиогр. в конце ст. | ||
| 606 |
_aЭкономика _jСъезды, совещания и т.п _91414491 _3RU\NLR\AUTH\66284709 |
||
| 686 | 1 | _aУ.я431 | |
| 702 | 1 |
_4340 _aКострова _bА. А. _cканд. экон. наук _gАлла Анатольевна _9168123 _3RU\NLR\AUTH\770168171 |
|
| 711 | 1 | 2 |
_a"Путь в науку", международная молодежная научно-практическая конференция _d3 _eЯрославль _f2015 _9474448 _3RU\NLR\AUTH\880403705 |
| 942 | _cBOOK | ||
| 980 | _aNBR | ||